000 00439cam a22001217a 4500
008 180718b-- xxu||||| |||| 00| 0 eng d
082 _aT000x5421
100 _aUttar Pradesh. Planning Department
245 _aFive year plan, Uttar Pradesh
260 _aLucknow
_bThe author
_c--
500 _aContents; Library has 3, 5 (Draft, volume 1, 3), 6 (draft), 7 (Draft, 2 volumes), 8 (Draft, 3 volumes)
650 _aUttar Pradesh - Economic planning
999 _c492881
_d492881